Population : (Record no. 11103)
[ view plain ]
| 000 -LEADER | |
|---|---|
| fixed length control field | 00986cam a2200289 a 4500 |
| 001 - CONTROL NUMBER | |
| control field | 14897088 |
| 005 - DATE AND TIME OF LATEST TRANSACTION | |
| control field | 20201128013551.0 |
| 008 - FIXED-LENGTH DATA ELEMENTS--GENERAL INFORMATION | |
| fixed length control field | 070620s2008 caua b 001 0 eng |
| 010 ## - LIBRARY OF CONGRESS CONTROL NUMBER | |
| LC control number | 2007931349 |
| 020 ## - INTERNATIONAL STANDARD BOOK NUMBER | |
| International Standard Book Number | 9780495096375 (student ed.) |
| 020 ## - INTERNATIONAL STANDARD BOOK NUMBER | |
| International Standard Book Number | 0495096377 (student ed.) |
| 040 ## - CATALOGING SOURCE | |
| Original cataloging agency | DLC |
| Transcribing agency | DLC |
| Modifying agency | DLC |
| 050 00 - LIBRARY OF CONGRESS CALL NUMBER | |
| Classification number | HB871 |
| Item number | .W43 2008 |
| 082 00 - DEWEY DECIMAL CLASSIFICATION NUMBER | |
| Classification number | 304.6 |
| Edition number | 22 |
| Item number | WEE |
| 100 1# - MAIN ENTRY--PERSONAL NAME | |
| Personal name | Weeks, John Robert, |
| Dates associated with a name | 1944- |
| 9 (RLIN) | 2702 |
| 245 10 - TITLE STATEMENT | |
| Title | Population : |
| Remainder of title | an introduction to concepts and issues / |
| Statement of responsibility, etc | John R. Weeks. |
| 250 ## - EDITION STATEMENT | |
| Edition statement | 10th ed. |
| Remainder of edition statement | International ed. |
| 260 ## - PUBLICATION, DISTRIBUTION, ETC. (IMPRINT) | |
| Place of publication, distribution, etc | Belmont, CA : |
| Name of publisher, distributor, etc | Thomson/Wadsworth, |
| Date of publication, distribution, etc | c2008. |
| 300 ## - PHYSICAL DESCRIPTION | |
| Extent | xix, 610 p. : |
| Other physical details | ill. ; |
| Dimensions | 25 cm. |
| 504 ## - BIBLIOGRAPHY, ETC. NOTE | |
| Bibliography, etc | Includes bibliographical references (p. 559-593) and index. |
| 650 #0 - SUBJECT ADDED ENTRY--TOPICAL TERM | |
| Topical term or geographic name as entry element | Population. |
| 9 (RLIN) | 2703 |
| Source of heading or term | BUEsh |
| 651 ## - SUBJECT ADDED ENTRY--GEOGRAPHIC NAME | |
| Source of heading or term | BUEsh |
| 653 ## - INDEX TERM--UNCONTROLLED | |
| Resource For college | BAEPS, Economics |
| 655 ## - INDEX TERM--GENRE/FORM | |
| Form subdivision | Text book |
| -- | 33728 |
| 942 ## - ADDED ENTRY ELEMENTS (KOHA) | |
| Source of classification or shelving scheme | Dewey Decimal Classification |
| Item type | Book - Borrowing |
| Withdrawn status | Item status | Source of classification or shelving scheme | Damaged status | Not for loan | Vendor | Home library | Current library | Shelving location | Date acquired | Source of acquisition | Total Checkouts | Total Renewals | Full call number | Barcode | Date last seen | Date last borrowed | Koha item type |
|---|---|---|---|---|---|---|---|---|---|---|---|---|---|---|---|---|---|
| Dewey Decimal Classification | Baccah | Central Library | Central Library | First floor | 23/03/2009 | 9 | 25 | 304.6 WEE | 000015640 | 15/07/2025 | 08/03/2021 | Book - Borrowing | |||||
| Dewey Decimal Classification | Baccah | Central Library | Central Library | First floor | 23/03/2009 | 9 | 2 | 304.6 WEE | 000020718 | 15/07/2025 | 07/07/2019 | Book - Borrowing | |||||
| Dewey Decimal Classification | Baccah | Central Library | Central Library | First floor | 23/03/2009 | 9 | 304.6 WEE | 000015638 | 15/07/2025 | 11/11/2010 | NB - Book (Non borrowing) |